| 000 | 00415nam a22001457a 4500 | ||
|---|---|---|---|
| 003 | SGT | ||
| 082 |
_a616.01 _bI20P |
||
| 100 | _aPAYAL, NIKHIL | ||
| 245 | _aIDENTIFICATION OF CANDIDA SPECIES FROM VARIOUS CLINICAL SAMPLE BY CONVENTIONAL METHODS CHROM AGAR AND MALDI- TOF | ||
| 260 |
_aSGTU _bSGTU _c2020 |
||
| 300 | _a152 | ||
| 650 | _aMEDICAL MICROBIOLOGY | ||
| 653 | _aPH.D MEDICAL MICROBIOLOGY | ||
| 942 |
_2ddc _cTH |
||
| 999 |
_c23986 _d23986 |
||